Blueprint Intermediate Teacher's Book

Na minha lista:
Detalhes bibliográficos
Autor principal: Abbs, Brian
Outros Autores: Freebairn, Ingrid
Formato: Livro
Idioma:inglês
Publicado em: Harlow Longman 1990
Edição:1. ed.
Assuntos:
Tags: Adicionar Tag
Sem tags, seja o primeiro a adicionar uma tag!

MARC

LEADER 00000nam a2200000 4500
001 c000506
005 20221215113349.1
020 |a 0-582-02129-4 
041 0 |a eng 
044 |a GB 
245 1 0 |a Blueprint Intermediate  |b Teacher's Book  |c Brian Abbs, Ingrid Freebairn 
250 |a 1. ed. 
264 1 |a Harlow  |b Longman  |c 1990 
300 |a 128 s. 
610 2 0 |a angličtina 
610 2 0 |a jazykoveda 
610 2 0 |a metodika 
100 1 |a Abbs, Brian 
700 1 |a Freebairn, Ingrid